Statistics for Free cities of the Holy Roman Empire

Click here to take the quiz!

General Stats

  • This quiz has been taken 137 times
  • The average score is 12 of 51

Answer Stats

First year of appereanceAnswer% Correct
1189Hamburg
94%
1372Frankfurt am Main
87%
1186Bremen
83%
1226Lübeck
77%
1288Cologne
72%
1219Nuremberg
69%
1166Aachen
62%
1276Augsburg
61%
1181Ulm
61%
1245Regensburg
53%
1293Dortmund
48%
1184Worms
32%
1276Ravensburg
30%
1280Schwäbisch Hall
27%
1294Speyer
24%
1286Memmingen
21%
1274Rothenburg ob der Tauber
21%
1290Goslar
17%
1220Reutlingen
16%
1268Rottweil
15%
1215Nördlingen
14%
1371Heilbronn
13%
1360Aalen
12%
1281Biberach an der Riss
12%
1229Esslingen am Neckar
12%
1268Schwäbisch Gmünd
12%
1282Schweinfurt
12%
1351Dinkelsbühl
10%
1289Kempten im Allgäu
10%
1274Lindau
10%
1240Offenburg
10%
1180Wetzlar
10%
1275Weil der Stadt
9%
1251Mülhausen
8%
1220Nordhausen
8%
1365Isny im Allgäu
6%
1286Kaufbeuren
6%
1273Überlingen
6%
1286Wangen im Allgäu
6%
1300Wimpfen
6%
1360Gengenbach
5%
1240Bopfingen
4%
1320Buchau
4%
1395Giengen an der Brenz
4%
1293Leutkirch im Allgäu
4%
1275Buchhorn
3%
1220Pfullendorf
3%
1248Windsheim
3%
1211Friedberg
2%
1296Weissenburg in Bayern
2%
1218Zell am Harmersbach
2%

Score Distribution

Percentile by Number Answered

Percent of People with Each Score

Your Score History

You have not taken this quiz